书目信息 |
| 题名: |
汉字dBASE实用教程
|
|
| 作者: | 郝振国 编 | |
| 分册: | ||
| 出版信息: | 徐州 中国矿业大学出版社 1991 |
|
| 页数: | 244页 | |
| 开本: | 26cm | |
| 丛书名: | ||
| 单 册: | ||
| 中图分类: | TP392 | |
| 科图分类: | ||
| 主题词: | 汉字--数据库管理系统--专业学校--教材 | |
| 电子资源: | ||
| ISBN: | 7-81021-487-X | |
| 000 | 00823nam0 2200265 450 | |
| 001 | 0100366102 | |
| 005 | 20101122130116.0 | |
| 010 | @a7-81021-487-X@dCNY3.80 | |
| 011 | @a7-81021-487-X | |
| 100 | @a20021005d1991 em y0chiy0110 ea | |
| 101 | 0 | @achi |
| 102 | @aCN@b320000 | |
| 105 | @ay z 000yy | |
| 106 | @ar | |
| 200 | 1 | @a汉字dBASE实用教程@9Han Zi d B A S E Shi Yong Jiao Cheng @f郝振国等编@b专著 |
| 210 | @a徐州@c中国矿业大学出版社@d1991 | |
| 215 | @a244页@d26cm | |
| 300 | @a中等专业学校教学用书 | |
| 330 | @a本书共15章,系统地阐述了汉字dBASEⅢ基本原理,包括数据库管理系统、数据库的基本操作等。 | |
| 606 | 0 | @a汉字@x数据库管理系统@x专业学校@x教材 |
| 610 | 0 | @adBASE |
| 690 | @aTP392@v3 | |
| 701 | 0 | @a郝振国@9hao zhen guo@4编 |
| 801 | 0 | @aCN@bAiZhiMarc@c19920410 |
| 905 | @aBZT@dTP392@e54@f2@sTP392/54 | |
| 汉字dBASE实用教程/郝振国等编.-徐州:中国矿业大学出版社,1991 |
| 244页;26cm |
| 中等专业学校教学用书 |
| ISBN 7-81021-487-X:CNY3.80 |
| 本书共15章,系统地阐述了汉字dBASEⅢ基本原理,包括数据库管理系统、数据库的基本操作等。 |
| ● |
| 相关链接 |
|
|
|
正题名:汉字dBASE实用教程
索取号:TP392/54
 
预约/预借
| 序号 | 登录号 | 条形码 | 馆藏地/架位号 | 状态 | 备注 |
| 1 | 2000098979 | 2000098979 | 旧书回溯/ [索取号:TP392/54] | 在馆 | |
| 2 | 2000109674 | 2000109674 | 旧书回溯/ [索取号:TP392/54] | 在馆 |